000 00596cam a2200145 4500500
005 20251012013837.0
041 _afre
042 _adc
100 1 0 _aTraimond, Bernard
_eauthor
245 0 0 _aMythe et langage. Remarques sur Le Rameau d’or, Ludwig Wittgenstein, with contributions by Ghislain Casas, Benjamin Gizard, and David Graeber, La Tempête, 2025, 160 pages, 13 euros
260 _c2025.
500 _a93
786 0 _nEsprit | Septembre | 9 | 2025-09-02 | p. 142-144 | 0014-0759
856 4 1 _uhttps://shs.cairn.info/journal-esprit-2025-9-page-142?lang=en&redirect-ssocas=7080
999 _c1530343
_d1530343